Moral calculations : game theory, logic, and human frailty /
Guardado en:
| Autor Principal: | |
|---|---|
| Formato: | Libro |
| Idioma: | English |
| Publicado: |
New York, NY :
Copernicus,
c1998.
|
| Materias: | |
| Acceso en línea: | Publisher description Table of contents only |
| Etiquetas: |
Agregar Etiqueta
Sin Etiquetas, Sea el primero en etiquetar este registro!
|
| LEADER | 01037cam a2200241 a 4500 | ||
|---|---|---|---|
| 001 | EEO.eeo002728 | ||
| 008 | 980313s1998####nyu####g#b####001#0#eng## | ||
| 005 | 20160627121550.0 | ||
| 245 | 1 | 0 | |a Moral calculations : |b game theory, logic, and human frailty / |c László Méro ; traducido por Anna C. Gösi-Greguss ; versión en ingles editada por David Kramer. |
| 260 | |a New York, NY : |b Copernicus, |c c1998. | ||
| 300 | |a xi, 276 p. ; |c 25 cm. | ||
| 504 | |a Incluye referencias bibliográficas (p. [261]-268) e índice. | ||
| 020 | |a 0387984194 (hardcover : alk. paper) | ||
| 100 | 1 | |a Méro, László. | |
| 082 | 0 | 0 | |a 519.3 |2 21 |
| 650 | 7 | |a Teoría de juegos. |2 Isoc | |
| 653 | |a Economía matemática | ||
| 010 | |a 98017443 | ||
| 040 | |a DLC |c DLC |d DLC | ||
| 050 | 0 | 0 | |a QA269 |b .M457 1998 |
| 856 | 4 | 2 | |3 Publisher description |u http://www.loc.gov/catdir/enhancements/fy0817/98017443-d.html |
| 856 | 4 | 1 | |3 Table of contents only |u http://www.loc.gov/catdir/enhancements/fy0817/98017443-t.html |
| 859 | |a AR-BaUEB |b BIB. ECONOMIA - General |h 519.3 |i M549 |p e15004 | ||
